| 000 -LEADER |
| fixed length control field |
00879nam a22001337a 4500 |
| 040 ## - CATALOGING SOURCE |
| Transcribing agency |
RUA |
| 082 ## - DEWEY DECIMAL CLASSIFICATION NUMBER |
| Classification number |
AGI SO 2023 B1.282 Or.1 |
| 100 ## - MAIN ENTRY--AUTHOR NAME |
| Personal name |
SO LYHONG, សូ លីហុង |
| 245 ## - TITLE STATEMENT |
| Title |
Detection and Evaluation of antimicrobial resistance profiles on Vibrio spp. And Aeromonas spp. from pangasius fish in siem reap province, ការរកវត្តមាន នងវាយតម្លៃលក្ខណៈភាពស៊ាំរបស់បាក់តេរី vibrio spp. និងAeromonas spp. ទៅនឹងឳសថប្រឆាំងមេរោគដែលយកពីត្រីប្រាលើទីផ្សារក្នុងខេត្តសៀមរាប. |
| 260 ## - PUBLICATION, DISTRIBUTION, ETC. (IMPRINT) |
| Place of publication |
phnom penh |
| Name of publisher |
rua |
| Year of publication |
2023 |
| 300 ## - PHYSICAL DESCRIPTION |
| Number of Pages |
xiii, |
| Other physical details |
ill, |
| Dimensions |
29cm, |
| 856 ## - ELECTRONIC LOCATION AND ACCESS |
| Uniform Resource Identifier |
https://drive.google.com/file/d/1jWDGoQhqAa5Z6EN4QRKtOYULrXkdpLY0/view?usp=sharing |
| 942 ## - ADDED ENTRY ELEMENTS (KOHA) |
| Koha item type |
AGI |
| 952 ## - LOCATION AND ITEM INFORMATION (KOHA) |
| Withdrawn status [LOCAL, KOHA] |
0 |
| 952 ## - LOCATION AND ITEM INFORMATION (KOHA) |
| Withdrawn status [LOCAL, KOHA] |
0 |
| 952 ## - LOCATION AND ITEM INFORMATION (KOHA) |
| Withdrawn status [LOCAL, KOHA] |
0 |